| 000 | 00442 a2200133 4500 | ||
|---|---|---|---|
| 001 | ART_49713 | ||
| 005 | 20260410161829.0 | ||
| 008 | 260409a | ||
| 245 | 1 | 0 | _aCommodities prices and critical parameters for macroeconomic performance |
| 100 | 1 | _aChisari, Omar O. | |
| 700 | 1 | _aMastronardi, Leonardo Javier | |
| 700 | 1 | _aRomero, Carlos A. | |
| 773 | 0 |
_tEstudios Económicos _g- Vol. 36, Nº 72 (ene./jun. 2019) _wREV5080 |
|
| 999 |
_c23072 _d23072 |
||